Succession in the Muslim family / (Record no. 442)

000 -LEADER
fixed length control field 00860cam a2200241 4500
001 - CONTROL NUMBER
control field 2741254
003 - CONTROL NUMBER IDENTIFIER
control field OSt
005 - DATE AND TIME OF LATEST TRANSACTION
control field 20140116120828.0
008 - FIXED-LENGTH DATA ELEMENTS--GENERAL INFORMATION
fixed length control field 710816s1971 enk 001 0 eng
020 ## - INTERNATIONAL STANDARD BOOK NUMBER
International Standard Book Number 9780521088077
040 ## - CATALOGING SOURCE
Original cataloging agency DLC
Transcribing agency DLC
Modifying agency DLC
050 00 - LIBRARY OF CONGRESS CALL NUMBER
Classification number KBP633.32.C66 1971
100 1# - MAIN ENTRY--PERSONAL NAME
Personal name Coulson, Noel J.
Fuller form of name (Noel James)
245 10 - TITLE STATEMENT
Title Succession in the Muslim family /
Statement of responsibility, etc N. J. Coulson.
260 ## - PUBLICATION, DISTRIBUTION, ETC. (IMPRINT)
Place of publication, distribution, etc Cambridge :
Name of publisher, distributor, etc Cambridge University Press,
Date of publication, distribution, etc 1971.
300 ## - PHYSICAL DESCRIPTION
Extent 287 p.
504 ## - BIBLIOGRAPHY, ETC. NOTE
Bibliography, etc Includes bibliographical references.
650 #0 - SUBJECT ADDED ENTRY--TOPICAL TERM
Topical term or geographic name as entry element Inheritance and succession (Islamic law)
856 42 - ELECTRONIC LOCATION AND ACCESS
Materials specified Publisher description
Uniform Resource Identifier <a href="http://www.loc.gov/catdir/enhancements/fy0835/78130907-d.html">http://www.loc.gov/catdir/enhancements/fy0835/78130907-d.html</a>
856 41 - ELECTRONIC LOCATION AND ACCESS
Materials specified Table of contents only
Uniform Resource Identifier <a href="http://www.loc.gov/catdir/enhancements/fy0835/78130907-t.html">http://www.loc.gov/catdir/enhancements/fy0835/78130907-t.html</a>
906 ## - LOCAL DATA ELEMENT F, LDF (RLIN)
a 7
b cbc
c orignew
d 2
e ncip
f 19
g y-gencatlg
942 ## - ADDED ENTRY ELEMENTS (KOHA)
Source of classification or shelving scheme
Koha item type Book
Holdings
Withdrawn status Lost status Source of classification or shelving scheme Damaged status Not for loan Home library Current library Date acquired Source of acquisition Total Checkouts Full call number Barcode Date last seen Date checked out Copy number Price effective from Koha item type Total Renewals
          Riara University Library Riara University Library 19/10/2011 Purchase 1 KBP633.32.C66 1971 407/11 15/08/2018 31/07/2018 C.1 19/10/2011 Book  
          Riara University Library Riara University Library 19/10/2011 Purchase   KBP633.32.C66 1971 408/11 19/10/2011   C.2 19/10/2011 Book  
          Riara University Library Riara University Library 19/10/2011 Purchase 5 KBP633.32.C66 1971 406/11 08/12/2023 01/12/2023 C.3 19/10/2011 Book 1

Riara University Library,
P.O. Box 49940-00100,
Nairobi, Kenya.